• 首页
  • 本馆介绍
  • 公告通知
  • 最新文献
  • 馆藏检索
  • 电子资源
  • 读者导购
  • 参考咨询
  • 我的图书馆
  • 登录
  • 详细信息显示
  • 放入我的书架
  • 预约/预借图书
  • 作者相关作品
  • 分类相关作品
  • 丛书相关作品
  • 出版社相关作品

书目信息

  • 表格格式
  • 工作单格式
  • 卡片格式
题名:
实用运动免疫学
    
 
作者: 张缨 主编 ;金其贯 编
分册:  
出版信息: 北京   北京体育大学出版社  2005
页数: 225页
开本: 20cm
丛书名:
单 册:
中图分类: G804.32
科图分类:
主题词: 运动医学 , 免疫学 , 运动医学--免疫学
电子资源:
ISBN: 7-81100-331-7
000 00813nam0 2200253 450
001 010040028304
005 20061107084428.84
010    @a7-81100-331-7@dCNY18.00
100    @a20051202d2005 em y0chiy0110 ea
101 0  @achi
102    @aCN@b110000
105    @aa z 000yy
200 1  @a实用运动免疫学@9shi yong yun dong mian yi xue@f张缨主编@g金其贯等编@Gjin qi guan deng bian
210    @a北京@c北京体育大学出版社@d2005
215    @a225页@c图@d20cm
330    @a本书内容包括:免疫学基础概述、运动与分泌型免疫分子、运动与免疫细胞、运动与免疫调节、免疫与感染等。
606 0  @a运动医学
606 0  @a免疫学
606 0  @a运动医学@x免疫学
690    @aG804.32@v4
701  0 @a张缨@9zhang ying@4主编
702  0 @a金其贯@9jin qi guan@4编
801  0 @aCN@bRENTIAN@c20061107
905    @a10447@dG804.32@e203
    
    实用运动免疫学/张缨主编/金其贯等编.-北京:北京体育大学出版社,2005
    225页:图;20cm
    
    
    ISBN 7-81100-331-7:CNY18.00
    本书内容包括:免疫学基础概述、运动与分泌型免疫分子、运动与免疫细胞、运动与免疫调节、免疫与感染等。
●
相关链接 在E读中查询图书 在五车中查询图书 在当当中查询图书 在豆瓣中查询图书


正题名:实用运动免疫学     索取号:G804.32/203         预约/预借

序号 登录号 条形码 馆藏地/架位号 状态 备注
1 0381904   203819047   第一样本阅览室/ [索取号:G804.32/203] 在馆    
2 0381905   203819056   第四借阅区/ [索取号:G804.32/203] 在馆    
3 0381906   203819065   第四借阅区/ [索取号:G804.32/203] 在馆    
4 0381907   203819074   第四借阅区/ [索取号:G804.32/203] 在馆    
5 0381908   203819083   第四借阅区/ [索取号:G804.32/203] 在馆    
唐山师范学院图书馆 欢迎您!
大连网信软件有限公司© 版权所有